Naruto Characters A-Z - Statistics

General Stats
  • This quiz has been taken 120 times
  • The average score is 16 of 22
Answer Stats
Letter Answer % Correct
N Naruto/Neji/Nagato
96%
S Sasuke/Sakura/Sai/Shisui/Sarada/Shin/Shikaku/Shikamaru/Shikadai/Shino/Shukaku/Son Goku/Saiken/Suigetsu/Shibai/ Shamon/Samui/Sasori/Shizune/Sakumo/Shima/Sakon/ Sumire
96%
H Hashirama/Hiruzen/Hinata/Hanabi/Hizashi/Hiashi/Hanzo/Haku/Homura/Hamura/Hagoromo/Han/Hidan/Hana/ Himawari
94%
K Kakashi/Kagami/Kankuro/Konohamaru/Kurenai/Kiba/Kokuo/Kurama/Kushina/Karin/Koharu/Kaguya/Kinshiki/Kawaki/ Kagura/Kurotsuchi/Killer B/Karui/Kinkaku/Kitsuchi/Kimimaro /Konan/Kisame/Kakuzu/Kushimaru/Katsuyu/Kabuto/Kin/ Kidomaru/Kuromaru
94%
I Izuna/Itachi/Izumi/Inoichi/Ino/Inojin/Isobu/Ibiki/Iruka/Isshiki/Indra/Ishikawa
92%
M Minato/Mito/Madara/Mikoto/Mitsuki/Moegi/Mirai/Matatabi/Mangetsu/Mizuki/Momoshiki/Mei/Mu/Motoi/Matsuri/Mifune /Muta
91%
A Asura/Asuma/Akamaru/Ashina/Anko/Ao/Akatsuchi/Ameyuri/Aoba/Aoda
90%
D Danzo/Daemon/Darui/Deidara/Dan/Dosu
87%
Z Zabuza/Zetsu/Zaku
87%
O Obito/Orochimaru/Onoki
86%
T Tobirama/Tsunade/Tajima/Temari/Tenten/Teuchi/Toneri/Torune/Tayuya/Tsume
86%
G Gaara/Guy/Gyuki/Gengetsu/Ginkaku/Genma/Gari/Gamaken/Gamamaru/Gamabunta/Gamakichi/Gamatatsu/Gamahiro/ Gerotora
80%
B Boruto/Baki/Byakuren
76%
C Choji/Choza/Cho-Cho/Chomei/Code/Chojuro/Chiyo
75%
J Jiraiya/Jugo/Juzo/Jinpachi/Jinin/Jirobo/Jura
71%
F Fugaku/Fu/Fuguki/Fukasaku
67%
Y Yamato/Yagura/Yashamaru/Yugito Nii/Yahiko
66%
L Rock Lee/Metal Lee
60%
E Ebisu/Eida/Ebizo/Enma
54%
U Urashiki/Udon/Utakata/Ukon
47%
R Rasa/Reto/Raiga/Roshi/Raido
29%
P Pakura
16%
No matching quizzes found
Score Distribution
Percent of People with Each Score
Percentile by Number Answered
Your Score History
You have not taken this quiz